000 01325cam a22003377a 4500
003 CHAP
005 20220329142838.0
008 040812d2003 mx ab r 00110 spa d
010 _a88642
011 _a89614
035 _a100165
040 _cCHAP
090 _aTesis
100 0 0 _aRecinos Melgar, Carla Beatriz.
_995001
245 1 0 _aSatisfacción residensial en viviendas reconstruidas con participación comunitaria despues de los terremotos del 2001 en El Salvador
_c/por Carla Beatriz Recinos Melgar
260 _aMontecillos, Méx. :
_bEl autor,
_c2003.
300 _a145 h.;
_bilus.; gráfs. ; mapas. + 8 anexos
502 _aTesis (M.C.) -- CP. Instituto de Socioeconomía, Estadística e Informática Programa en Estudios del Desarrollo Rural
590 _aALEPH
_b10
_c20130110
_lUCH01
_h1500
590 _aBATCH-UPD
_b10
_c20130110
_lUCH01
_h0631
590 _aBATCH-UPD
_b10
_c20130410
_lUCH01
_h0314
590 _aBATCH-UPD
_b10
_c20130914
_lUCH01
_h1147
590 _aCONVERSION
_b10
_c20130109
_lUCH01
_h1349
650 1 4 _aDesarrollo de la comunidad rural
_zEl Salvador.
_932036
650 1 4 _aReconstrucción.
_995012
650 1 4 _aVivienda rural
_zEl Salvador.
_9120195
901 _aBK
905 _aMayto Villalobos Santana
942 _cTESIS
949 _aTesis
_bBC
_cTES
_d100165123
_eTS1
_h42351
_i100165
_sb
999 _c88642
_d88642